[Event "ESP-chT Rapid"]
[Site "Zafra"]
[Date "2025.09.20"]
[Round "3.1"]
[White "Vergara Anton, Diego"]
[Black "Ivanchuk, Vassily"]
[Result "1/2-1/2"]
[WhiteElo "2467"]
[BlackElo "2608"]
[PlyCount "112"]
[EventDate "2025.09.20"]
[EventType "team-swiss (rapid)"]
[EventRounds "7"]
[EventCountry "ESP"]
[SourceTitle "CB39_2025"]
[SourceDate "2025.09.24"]
[SourceVersion "1"]
[SourceVersionDate "2025.09.24"]
[SourceQuality "1"]
[WhiteTeam "Vetusta Chess"]
[BlackTeam "Solvay"]
[WhiteTeamCountry "ESP"]
[BlackTeamCountry "ESP"]

1. d4 Nf6 2. Nf3 e6 3. g3 b5 4. e3 a6 5. a4 b4 6. Bg2 Bb7 7. c4 c5 8. 0-0 Nc6 9. b3 d5 10. cxd5 Nxd5 11. e4 Nf6 12. d5 exd5 13. exd5 Qxd5 14. Re1+ Be7 15. Nbd2 Rd8 16. Nh4 Qd7 17. Qf3 Na5 18. Qe2 Bxg2 19. Kxg2 0-0 20. Qxa6 Ra8 21. Qb5 Qd5+ 22. Nhf3 Bd6 23. Bb2 Rfb8 24. Qe2 Nxb3 25. Nxb3 Qxb3 26. Rad1 Re8 27. Qd2 Bf8 28. Bxf6 gxf6 29. Rxe8 Rxe8 30. Qd7 Qe6 31. Qb5 Ra8 32. Re1 Qd5 33. a5 Kg7 34. a6 b3 35. Re3 b2 36. Qxb2 Rxa6 37. Qe2 Re6 38. Qc2 Rxe3 39. fxe3 c4 40. Kf2 Bb4 41. Nh4 c3 42. Ke2 Qc4+ 43. Qd3 Qxd3+ 44. Kxd3 Kf8 45. Nf5 Ke8 46. Nd4 Kd7 47. Ne2 Kd6 48. Nxc3 Bxc3 49. Kxc3 Kd5 50. Kd3 Ke5 51. e4 f5 52. exf5 Kxf5 53. h3 Ke5 54. Ke3 f6 55. Kf3 Kf5 56. Ke3 Ke5 1/2-1/2

[Event "ESP-chT Rapid"]
[Site "Zafra"]
[Date "2025.09.20"]
[Round "7.13"]
[White "Vergara Anton, Diego"]
[Black "Rey Martinez, Jaime"]
[Result "1/2-1/2"]
[WhiteElo "2467"]
[BlackElo "2317"]
[PlyCount "92"]
[EventDate "2025.09.20"]
[EventType "team-swiss (rapid)"]
[EventRounds "7"]
[EventCountry "ESP"]
[SourceTitle "CB39_2025"]
[SourceDate "2025.09.24"]
[SourceVersion "1"]
[SourceVersionDate "2025.09.24"]
[SourceQuality "1"]
[WhiteTeam "Vetusta Chess"]
[BlackTeam "Diagonal Alcorcon"]
[WhiteTeamCountry "ESP"]
[BlackTeamCountry "ESP"]

1. d4 Nf6 2. Nf3 e6 3. c4 Bb4+ 4. Bd2 Bxd2+ 5. Qxd2 0-0 6. Nc3 d5 7. e3 Qe7 8. Rc1 Rd8 9. Qc2 dxc4 10. Bxc4 c5 11. 0-0 Nc6 12. dxc5 Qxc5 13. Ne4 Nxe4 14. Qxe4 Qh5 15. Be2 Qg6 16. Qxg6 hxg6 17. Ng5 Bd7 18. Ne4 Be8 19. Nc5 b6 20. Nb3 Nb4 21. a3 Nd3 22. Bxd3 Rxd3 23. Nd4 Rd8 24. Rc7 e5 25. Nf3 f6 26. Rxa7 Rb3 27. Rc1 Rxb2 28. h4 Rd7 29. Ra8 Kf7 30. Rcc8 Rd1+ 31. Kh2 Bd7 32. Rc7 Rxf2 33. a4 Ra2 34. Ra6 Ke7 35. Rxb6 Rxa4 36. Rb2 Rd6 37. Rcb7 Re4 38. R2b3 Ke6 39. R7b4 Bc6 40. Rxe4 Bxe4 41. Kg3 Rd1 42. Ra3 Kf5 43. Ra7 Bxf3 44. gxf3 Rg1+ 45. Kf2 Rh1 46. Kg3 Rg1+ 1/2-1/2

[Event "Legnica Voivoda Cup 39th"]
[Site "Legnica"]
[Date "2025.05.20"]
[Round "1"]
[White "Turski, Bartlomiej"]
[Black "Vergara Anton, Diego"]
[Result "1/2-1/2"]
[WhiteElo "2390"]
[BlackElo "2442"]
[PlyCount "49"]
[EventDate "2025.05.20"]
[EventType "tourn"]
[EventRounds "9"]
[EventCountry "POL"]
[EventCategory "6"]
[SourceTitle "CB22_2025"]
[SourceDate "2025.05.28"]
[SourceVersion "1"]
[SourceVersionDate "2025.05.28"]
[SourceQuality "1"]

1. e4 e6 2. d4 d5 3. Nc3 Nf6 4. Bg5 Be7 5. e5 Nfd7 6. Bxe7 Qxe7 7. f4 a6 8. Nf3 c5 9. Qd2 Nc6 10. a3 cxd4 11. Ne2 f6 12. exf6 Qxf6 13. Nexd4 0-0 14. 0-0-0 Nc5 15. g3 Bd7 16. Qe3 Nxd4 17. Rxd4 Rac8 18. Kb1 Be8 19. Ne5 Bg6 20. Bd3 Bxd3 21. Nxd3 Ne4 22. Nf2 Nc5 23. Nd3 Ne4 24. Nf2 Nc5 25. Nd3 1/2-1/2

[Event "Menorca op-A 4th"]
[Site "Ciutadella"]
[Date "2025.04.24"]
[Round "4"]
[White "Nogerbek, Kazybek"]
[Black "Vergara Anton, Diego"]
[Result "1/2-1/2"]
[WhiteElo "2544"]
[BlackElo "2425"]
[PlyCount "99"]
[EventDate "2025.04.22"]
[EventType "swiss"]
[EventRounds "9"]
[EventCountry "ESP"]
[SourceTitle "CB18_2025"]
[SourceDate "2025.04.30"]
[SourceVersion "1"]
[SourceVersionDate "2025.04.30"]
[SourceQuality "1"]

1. Nf3 d5 2. e3 Nf6 3. c4 e6 4. Nc3 Be7 5. b3 c5 6. Bb2 0-0 7. cxd5 exd5 8. d4 Nc6 9. Be2 Ne4 10. dxc5 Qa5 11. Rc1 Bf6 12. Nd4 Nxc5 13. Nxc6 bxc6 14. 0-0 Ne4 15. Qe1 Nxc3 16. Bxc3 Bxc3 17. Qxc3 Qxa2 18. Rc2 Qa3 19. Ra1 Qe7 20. Qxc6 Be6 21. Qc5 Qxc5 22. Rxc5 Rfd8 23. b4 Rab8 24. b5 Rb7 25. h3 g6 26. Bf3 Re7 27. Ra4 Red7 28. Rd4 Kf8 29. Kf1 Ke7 30. Ke1 Kd6 31. Rc6+ Ke7 32. Ra6 Rb7 33. Be2 Rc8 34. Kd2 Rc5 35. Rda4 Rcc7 36. Bd3 Bd7 37. R4a5 Be8 38. g4 Kf8 39. h4 Kg7 40. g5 h6 41. gxh6+ Kxh6 42. f4 Kg7 43. Be2 Bd7 44. Bd3 Rb8 45. Rxa7 Rxa7 46. Rxa7 Bxb5 47. Ra5 Bxd3 48. Kxd3 Rh8 49. Rxd5 Rxh4 50. Ke4 1/2-1/2

[Event "Menorca op-A 4th"]
[Site "Ciutadella"]
[Date "2025.04.24"]
[Round "5"]
[White "Vergara Anton, Diego"]
[Black "Makhnev, Denis"]
[Result "1/2-1/2"]
[WhiteElo "2425"]
[BlackElo "2537"]
[PlyCount "86"]
[EventDate "2025.04.22"]
[EventType "swiss"]
[EventRounds "9"]
[EventCountry "ESP"]
[SourceTitle "CB18_2025"]
[SourceDate "2025.04.30"]
[SourceVersion "1"]
[SourceVersionDate "2025.04.30"]
[SourceQuality "1"]

1. Nf3 d5 2. d4 Nf6 3. g3 e6 4. Bg2 Bd6 5. 0-0 0-0 6. c4 c6 7. Nc3 Nbd7 8. Nd2 Be7 9. e4 Nxe4 10. Ndxe4 dxe4 11. Nxe4 f5 12. Nc3 e5 13. d5 e4 14. f3 exf3 15. Bxf3 Ne5 16. Bg2 Bf6 17. Kh1 Qa5 18. Qb3 Kh8 19. Bf4 Qa6 20. Na4 cxd5 21. cxd5 Qd6 22. Rac1 b6 23. Rfe1 Bd7 24. Nc3 g5 25. Nb5 Bxb5 26. Bxe5 Bxe5 27. Qxb5 Rae8 28. Qe2 Qd7 29. Qh5 Bxb2 30. Rxe8 Qxe8 31. Qxe8 Rxe8 32. Rd1 Ba3 33. Bh3 g4 34. Bf1 Bd6 35. Bd3 Re5 36. Rf1 Rxd5 37. Bxf5 h5 38. Bc2 Rd2 39. Bb3 Re2 40. Rf5 Re1+ 41. Kg2 Re2+ 42. Kh1 Re1+ 43. Kg2 Re2+ 1/2-1/2

[Event "ESP-ch 89th"]
[Site "Marbella"]
[Date "2024.12.18"]
[Round "8"]
[White "Vergara Anton, Diego"]
[Black "Marin Ferragut, Pau"]
[Result "1/2-1/2"]
[WhiteElo "2400"]
[BlackElo "2346"]
[PlyCount "79"]
[EventDate "2024.12.11"]
[EventType "swiss"]
[EventRounds "9"]
[EventCountry "ESP"]
[SourceTitle "CB52_2024"]
[SourceDate "2024.12.25"]
[SourceVersion "1"]
[SourceVersionDate "2024.12.25"]
[SourceQuality "1"]

1. Nf3 d5 2. c4 e6 3. g3 Nf6 4. Bg2 Be7 5. d4 0-0 6. 0-0 dxc4 7. Qc2 a6 8. a4 Bd7 9. Qxc4 Bc6 10. Bg5 Bd5 11. Qd3 c5 12. Nc3 Bc6 13. Rfd1 cxd4 14. Nxd4 Bxg2 15. Kxg2 Nbd7 16. Qf3 Qb6 17. a5 Qa7 18. Nb3 Ne5 19. Qf4 Nc6 20. Qa4 b5 21. axb6 Qxb6 22. Bxf6 Bxf6 23. Ne4 Be7 24. Rac1 Nb4 25. Na5 Rfd8 26. b3 Bf8 27. Rxd8 Qxd8 28. Nc6 Qd5 29. f3 Nxc6 30. Qxc6 Qxc6 31. Rxc6 a5 32. Rc4 Rb8 33. Rc3 Bb4 34. Rc7 h6 35. g4 Bf8 36. Nd2 Bd6 37. Rc4 Bb4 38. Ne4 Bf8 39. Nd2 Bb4 40. Ne4 1/2-1/2

[Event "ESP-ch 89th"]
[Site "Marbella"]
[Date "2024.12.14"]
[Round "4"]
[White "Vergara Anton, Diego"]
[Black "Chigaev, Maksim"]
[Result "0-1"]
[WhiteElo "2400"]
[BlackElo "2624"]
[PlyCount "90"]
[EventDate "2024.12.11"]
[EventType "swiss"]
[EventRounds "9"]
[EventCountry "ESP"]
[SourceTitle "CB52_2024"]
[SourceDate "2024.12.25"]
[SourceVersion "1"]
[SourceVersionDate "2024.12.25"]
[SourceQuality "1"]

1. d4 Nf6 2. Nf3 d5 3. c4 e6 4. g3 Be7 5. Bg2 0-0 6. 0-0 dxc4 7. Qc2 b5 8. a4 b4 9. Nfd2 Nd5 10. Nxc4 c5 11. dxc5 Bxc5 12. Rd1 Nd7 13. e4 N5b6 14. Ne5 a5 15. Nxd7 Nxd7 16. Nd2 Bxf2+ 17. Kxf2 Qb6+ 18. Ke1 Qe3+ 19. Kf1 f5 20. Bf3 fxe4 21. Qxe4 Qxe4 22. Nxe4 Rxf3+ 23. Kg1 Rf8 24. Bf4 e5 25. Be3 Rf3 26. Bf2 Nf8 27. Rd8 Bb7 28. Rxa8 Bxa8 29. Nd2 Rd3 30. Nc4 Bd5 31. Ne3 Bb3 32. Rc1 Ne6 33. Ng4 Rd5 34. Re1 Nd4 35. Kf1 Nf3 36. Re3 Bd1 37. Re1 Nd2+ 38. Kg2 Bxg4 39. Rc1 Ne4 40. Be3 Rd3 41. Re1 Rd1 42. Rxd1 Bxd1 43. Bb6 Nf6 44. Bxa5 Nd5 45. Kf2 Kf7 0-1

[Event "ESP-ch 89th"]
[Site "Marbella"]
[Date "2024.12.13"]
[Round "3"]
[White "Shirov, Alexei"]
[Black "Vergara Anton, Diego"]
[Result "1/2-1/2"]
[WhiteElo "2647"]
[BlackElo "2400"]
[PlyCount "73"]
[EventDate "2024.12.11"]
[EventType "swiss"]
[EventRounds "9"]
[EventCountry "ESP"]
[SourceTitle "CB52_2024"]
[SourceDate "2024.12.25"]
[SourceVersion "1"]
[SourceVersionDate "2024.12.25"]
[SourceQuality "1"]

1. e4 c6 2. d4 d5 3. e5 Bf5 4. h4 h5 5. c4 e6 6. Nc3 Nd7 7. cxd5 cxd5 8. Bd3 Bxd3 9. Qxd3 Be7 10. Nh3 Nh6 11. Nf4 Qb6 12. 0-0 Rc8 13. Nxh5 Nf5 14. Nxd5 Qxd4 15. Qxd4 Nxd4 16. Ndf4 g6 17. Rd1 Nf5 18. g4 gxh5 19. gxf5 Nxe5 20. fxe6 Rg8+ 21. Kf1 Rc2 22. Rd2 Rxd2 23. exf7+ Kxf7 24. Bxd2 Nf3 25. Ke2 Nxd2 26. Kxd2 Bxh4 27. Ke2 Rc8 28. Rh1 Bf6 29. Rxh5 Rc2+ 30. Kf3 Rxb2 31. Rh7+ Kg8 32. Rd7 Rxa2 33. Rxb7 Bd4 34. Nd3 Rd2 35. Ke4 Bxf2 36. Nxf2 Rxf2 37. Rxa7 1/2-1/2

[Event "ESP-ch 89th"]
[Site "Marbella"]
[Date "2024.12.11"]
[Round "1"]
[White "Suarez Gomez, Paula"]
[Black "Vergara Anton, Diego"]
[Result "0-1"]
[WhiteElo "2075"]
[BlackElo "2400"]
[PlyCount "90"]
[EventDate "2024.12.11"]
[EventType "swiss"]
[EventRounds "9"]
[EventCountry "ESP"]
[SourceTitle "CB52_2024"]
[SourceDate "2024.12.25"]
[SourceVersion "1"]
[SourceVersionDate "2024.12.25"]
[SourceQuality "1"]

1. e4 e6 2. d4 d5 3. Nc3 Nf6 4. Bg5 dxe4 5. Nxe4 Be7 6. Nxf6+ Bxf6 7. Bxf6 Qxf6 8. Nf3 Bd7 9. Qd3 Bc6 10. Ne5 0-0 11. h4 Rd8 12. Qe3 Nd7 13. Nxc6 bxc6 14. 0-0-0 Rab8 15. c3 Nb6 16. Rd2 Nd5 17. Qg5 h6 18. Qxf6 Nxf6 19. Bd3 Rd5 20. g3 c5 21. dxc5 Rxc5 22. Re1 Rd5 23. Red1 Kf8 24. Bc4 Rxd2 25. Rxd2 Ke7 26. Kc2 g5 27. hxg5 hxg5 28. Re2 Rh8 29. a4 Rh2 30. f3 Rh3 31. Rg2 Nh5 32. g4 Nf4 33. Rf2 Rg3 34. Kb3 Nh3 35. Rf1 Ng1 36. f4 Nf3 37. Rd1 gxf4 38. Bb5 Ne5 39. Kb4 c6 40. Bf1 Nxg4 41. Ba6 f3 42. Rh1 f2 43. Rh8 Ne5 44. Rh2 Rf3 45. Be2 f1Q 0-1

[Event "EU-ch U18"]
[Site "Prague"]
[Date "2024.08.31"]
[Round "9"]
[White "Vergara Anton, Diego"]
[Black "Asllani, Dorian"]
[Result "1-0"]
[WhiteElo "2416"]
[BlackElo "2061"]
[PlyCount "121"]
[EventDate "2024.08.22"]
[EventType "swiss"]
[EventRounds "9"]
[EventCountry "CZE"]
[SourceTitle "CBM 221 Extra"]
[Source "ChessBase"]
[SourceDate "2024.09.30"]
[SourceVersion "1"]
[SourceVersionDate "2024.09.30"]
[SourceQuality "1"]

1. d4 d5 2. Nf3 e6 3. g3 b6 4. Bg2 Bb7 5. 0-0 Nd7 6. c4 dxc4 7. Qa4 a6 8. Qxc4 Ngf6 9. Nc3 c5 10. dxc5 Bxc5 11. e4 b5 12. Qe2 b4 13. Na4 Bxe4 14. Nxc5 Nxc5 15. Rd1 Qa5 16. Bg5 0-0 17. Bxf6 gxf6 18. Rd4 Bg6 19. Qe3 Rad8 20. h4 Nd3 21. b3 Rxd4 22. Qxd4 Qc5 23. Qxc5 Nxc5 24. Rc1 Ne4 25. Rc4 Nc3 26. Rxb4 Nxa2 27. Ra4 Nc1 28. b4 Bd3 29. Ra1 Ne2+ 30. Kh2 Rc8 31. h5 Rc1 32. Ra3 Bb5 33. h6 f5 34. Ra2 f6 35. Rd2 Kf7 36. Nh4 Ke7 37. Bf3 Nc3 38. Ng6+ Kf7 39. Nf4 Ne4 40. Rd8 e5 41. Nd5 Bc6 42. Bxe4 fxe4 43. Ne3 f5 44. Rh8 Kg6 45. Rg8+ Kf6 46. Rf8+ Kg6 47. Rxf5 Kxh6 48. Rxe5 Kg7 49. Re7+ Kg6 50. g4 Kg5 51. Rxh7 Bb5 52. Rg7+ Kf6 53. Rg8 Kf7 54. Rd8 Rb1 55. Rd4 Bd3 56. Kg3 Re1 57. g5 Re2 58. Rd6 Re1 59. g6+ Ke8 60. Kf4 Re2 61. Ng4 1-0

[Event "EU-ch U18"]
[Site "Prague"]
[Date "2024.08.24"]
[Round "3"]
[White "Vergara Anton, Diego"]
[Black "Ribeiro, Gustavo"]
[Result "1/2-1/2"]
[WhiteElo "2416"]
[BlackElo "2183"]
[PlyCount "77"]
[EventDate "2024.08.22"]
[EventType "swiss"]
[EventRounds "9"]
[EventCountry "CZE"]
[SourceTitle "CBM 221 Extra"]
[Source "ChessBase"]
[SourceDate "2024.09.30"]
[SourceVersion "1"]
[SourceVersionDate "2024.09.30"]
[SourceQuality "1"]

1. d4 Nf6 2. Nf3 e6 3. e3 c5 4. c4 cxd4 5. exd4 d5 6. Nc3 Nc6 7. a3 Be7 8. c5 Ne4 9. Bb5 Bd7 10. 0-0 0-0 11. Qc2 Nxc3 12. Qxc3 Bf6 13. Bxc6 Bxc6 14. Bf4 a5 15. Rfe1 a4 16. Rac1 Qa5 17. Qe3 Qb5 18. Rc2 b6 19. Bg5 Bxg5 20. Nxg5 h6 21. Nf3 Rfc8 22. Ne5 Be8 23. c6 f6 24. Nd3 Bg6 25. Rd1 Bxd3 26. Rxd3 Rxc6 27. Rxc6 Qxc6 28. Rc3 Qe8 29. Qc1 e5 30. dxe5 Qxe5 31. h3 d4 32. Rd3 Qc5 33. Qd1 Rd8 34. Qxa4 Qc1+ 35. Kh2 Qxb2 36. Qc4+ Kh8 37. Qc7 Rd5 38. Qc4 Qb5 39. Qxb5 1/2-1/2

[Event "EU-ch U18"]
[Site "Prague"]
[Date "2024.08.22"]
[Round "1"]
[White "Vergara Anton, Diego"]
[Black "Lang, Simon"]
[Result "1-0"]
[WhiteElo "2416"]
[BlackElo "2138"]
[PlyCount "91"]
[EventDate "2024.08.22"]
[EventType "swiss"]
[EventRounds "9"]
[EventCountry "CZE"]
[SourceTitle "CBM 221 Extra"]
[Source "ChessBase"]
[SourceDate "2024.09.30"]
[SourceVersion "1"]
[SourceVersionDate "2024.09.30"]
[SourceQuality "1"]

1. d4 Nf6 2. Nf3 e6 3. e3 b6 4. c4 Bb7 5. Nc3 g6 6. Bd3 Bg7 7. e4 d6 8. 0-0 0-0 9. h3 c5 10. d5 e5 11. Ne1 Nh5 12. Be2 Nf4 13. Bf3 Nd7 14. Kh2 g5 15. g3 Ng6 16. Ng2 h6 17. Ne3 Nf6 18. Kg2 Bc8 19. Rh1 Kh7 20. Nf5 Ne7 21. Ne3 Ng6 22. h4 gxh4 23. Nf5 Rg8 24. Nxh4 Bf8 25. Nf5 Bxf5 26. exf5 Ne7 27. Qd2 Nxf5 28. Qd3 Qd7 29. Ne4 Rg6 30. Nxf6+ Rxf6 31. Bg4 Kg8 32. Qe4 Re8 33. Rh5 Nxg3 34. Bxd7 Nxe4 35. Bxe8 Rxf2+ 36. Kg1 Rc2 37. Rh2 Rxc4 38. Rg2+ Kh8 39. Bxf7 Bg7 40. Be3 Nf6 41. Rf1 Ng4 42. b3 Rb4 43. Bd2 Rd4 44. Bc3 Re4 45. Bg6 Re3 46. Bd2 1-0

[Event "Sardinia World op-A"]
[Site "Orosei"]
[Date "2024.05.03"]
[Round "8"]
[White "Vergara Anton, Diego"]
[Black "Velten, Paul"]
[Result "1/2-1/2"]
[WhiteElo "2387"]
[BlackElo "2481"]
[PlyCount "56"]
[EventDate "2024.04.27"]
[EventType "swiss"]
[EventRounds "9"]
[EventCountry "ITA"]
[SourceTitle "CBM 220 Extra"]
[Source "ChessBase"]
[SourceDate "2024.07.31"]
[SourceVersion "1"]
[SourceVersionDate "2024.07.31"]
[SourceQuality "1"]

1. Nf3 d5 2. g3 Nf6 3. Bg2 e6 4. 0-0 Be7 5. d4 0-0 6. c4 a5 7. Nc3 c6 8. Nd2 b5 9. cxb5 cxb5 10. Nxb5 Qb6 11. Nc3 Qxd4 12. e4 Nc6 13. Nb3 Qxd1 14. Rxd1 a4 15. exd5 Nxd5 16. Nxd5 exd5 17. Nd4 Nxd4 18. Rxd4 a3 19. Rxd5 Bf6 20. Bg5 axb2 21. Rb1 Be6 22. Bxf6 Bxd5 23. Bxd5 Ra5 24. Bxg7 Rc8 25. Rxb2 Rxd5 26. Bh6 Rd6 27. Be3 Ra6 28. Rb5 Rcc6 1/2-1/2

[Event "Sardinia World op-A"]
[Site "Orosei"]
[Date "2024.05.01"]
[Round "6"]
[White "Vergara Anton, Diego"]
[Black "Loftgaard, Mikkel Vinh"]
[Result "1-0"]
[WhiteElo "2387"]
[BlackElo "2227"]
[PlyCount "51"]
[EventDate "2024.04.27"]
[EventType "swiss"]
[EventRounds "9"]
[EventCountry "ITA"]
[SourceTitle "CBM 220 Extra"]
[Source "ChessBase"]
[SourceDate "2024.07.31"]
[SourceVersion "1"]
[SourceVersionDate "2024.07.31"]
[SourceQuality "1"]

1. Nf3 d5 2. g3 Nf6 3. Bg2 e6 4. 0-0 Be7 5. d4 0-0 6. c4 dxc4 7. Qc2 a6 8. a4 Bd7 9. Rd1 Bc6 10. Nc3 Nbd7 11. e4 b5 12. d5 exd5 13. e5 Ne8 14. Nxd5 Bxd5 15. Rxd5 c6 16. Rd1 Qc7 17. Bf4 Nc5 18. e6 Qb7 19. Ne5 f6 20. Nxc6 Nxe6 21. Nxe7+ Qxe7 22. Bxa8 Nxf4 23. gxf4 Nc7 24. Bd5+ Nxd5 25. Rxd5 Qe6 26. Qf5 1-0

[Event "Sardinia World op-A"]
[Site "Orosei"]
[Date "2024.04.30"]
[Round "4"]
[White "Vergara Anton, Diego"]
[Black "Nurgaliyeva, Zarina"]
[Result "1-0"]
[WhiteElo "2387"]
[BlackElo "2109"]
[PlyCount "143"]
[EventDate "2024.04.27"]
[EventType "swiss"]
[EventRounds "9"]
[EventCountry "ITA"]
[SourceTitle "CBM 220 Extra"]
[Source "ChessBase"]
[SourceDate "2024.07.31"]
[SourceVersion "1"]
[SourceVersionDate "2024.07.31"]
[SourceQuality "1"]

1. Nf3 d5 2. e3 Nf6 3. c4 e6 4. Nc3 Be7 5. b3 0-0 6. Bb2 b6 7. cxd5 exd5 8. d4 c5 9. Bd3 Nc6 10. dxc5 bxc5 11. 0-0 h6 12. Rc1 Be6 13. Na4 Nd7 14. Bb1 Rc8 15. Qd3 f5 16. Rfd1 Qc7 17. Qe2 Bd6 18. h3 Qb8 19. Nc3 Nf6 20. Nb5 Ne4 21. Nxd6 Qxd6 22. Ba3 Nd8 23. Bd3 Qb6 24. Ne5 Nb7 25. Ng6 Rf7 26. Nf4 g5 27. Nh5 Nf6 28. Bb2 Nxh5 29. Qxh5 Kh7 30. h4 Rg8 31. hxg5 Rxg5 32. Qh2 d4 33. exd4 Bd5 34. dxc5 Qc6 35. Bf1 f4 36. Rxd5 Rxd5 37. Bc4 Nxc5 38. Qh3 Ne4 39. Bd3 Qg6 40. Rc4 Rxd3 41. Qxd3 Ng5 42. Qxg6+ Kxg6 43. f3 Ne6 44. Kf2 Rd7 45. Ke2 Rd5 46. Ra4 Rc5 47. Rc4 Ra5 48. a4 Rg5 49. Kf1 Rd5 50. Bc3 Nc5 51. Rd4 Rf5 52. Rb4 Rh5 53. Rxf4 Rh1+ 54. Ke2 Nxb3 55. Rf6+ Kg5 56. Ra6 Rc1 57. Bg7 Rc2+ 58. Kf1 h5 59. Rxa7 h4 60. a5 Rc1+ 61. Kf2 Rc2+ 62. Kg1 Nc1 63. Be5 Nd3 64. Bd4 Nf4 65. Rg7+ Kh6 66. Rg4 Ne2+ 67. Kh2 Ra2 68. Be3+ Kh5 69. a6 h3 70. Kxh3 Ng1+ 71. Bxg1 Ra1 72. a7 1-0